<?xml version="1.0" encoding="UTF-8"?>
<record
    xmlns:xsi="http://www.w3.org/2001/XMLSchema-instance"
    xsi:schemaLocation="http://www.loc.gov/MARC21/slim http://www.loc.gov/standards/marcxml/schema/MARC21slim.xsd"
    xmlns="http://www.loc.gov/MARC21/slim">

  <leader>01511cam a22002897a 4500</leader>
  <controlfield tag="001">16635886</controlfield>
  <controlfield tag="005">20110915075740.0</controlfield>
  <controlfield tag="008">110203s2011    sz a     b    101 0 eng d</controlfield>
  <datafield tag="020" ind1=" " ind2=" ">
    <subfield code="a">9780878492275 (pbk.)</subfield>
  </datafield>
  <datafield tag="040" ind1=" " ind2=" ">
    <subfield code="a">LHL</subfield>
    <subfield code="c">LHL</subfield>
    <subfield code="d">LHL</subfield>
    <subfield code="d">YDXCP</subfield>
    <subfield code="d">DLC</subfield>
  </datafield>
  <datafield tag="082" ind1=" " ind2=" ">
    <subfield code="2">22</subfield>
    <subfield code="a">622.183</subfield>
    <subfield code="b">SCI</subfield>
  </datafield>
  <datafield tag="111" ind1="2" ind2=" ">
    <subfield code="a">International Symposium on Science and Processing of Cast Iron</subfield>
    <subfield code="n">(9th :</subfield>
    <subfield code="d">2010 :</subfield>
    <subfield code="c">Luxor, Egypt)</subfield>
    <subfield code="9">30022</subfield>
  </datafield>
  <datafield tag="245" ind1="1" ind2="0">
    <subfield code="a">Science and Processing of Cast Iron IX :</subfield>
    <subfield code="b">Selected Peer Reviewed Papers From the Ninth International Symposium on Science and Processing of Cast Iron, Luxor-Egypt, November 10-13, 2010 /</subfield>
    <subfield code="c">edited by Adel Nofal and Mohamed Waly.</subfield>
  </datafield>
  <datafield tag="246" ind1="3" ind2="0">
    <subfield code="a">Ninth International Symposium on Science and Processing of Cast Iron</subfield>
  </datafield>
  <datafield tag="260" ind1=" " ind2=" ">
    <subfield code="a">Stafa-Zurich, Switzerland ;</subfield>
    <subfield code="a">Enfield, NH :</subfield>
    <subfield code="b">Trans Tech Publications,</subfield>
    <subfield code="c">c2011.</subfield>
  </datafield>
  <datafield tag="300" ind1=" " ind2=" ">
    <subfield code="a">xiv, 511 p. :</subfield>
    <subfield code="b">ill. ;</subfield>
    <subfield code="c">24 cm.</subfield>
  </datafield>
  <datafield tag="490" ind1="0" ind2=" ">
    <subfield code="a">Key engineering materials,</subfield>
    <subfield code="x">1013-9826 ;</subfield>
    <subfield code="v">v. 457</subfield>
    <subfield code="9">30023</subfield>
  </datafield>
  <datafield tag="504" ind1=" " ind2=" ">
    <subfield code="a">Includes bibliographical references and index.</subfield>
  </datafield>
  <datafield tag="541" ind1=" " ind2=" ">
    <subfield code="a">Donation from Dr. Mostafa Gouda</subfield>
  </datafield>
  <datafield tag="650" ind1=" " ind2="0">
    <subfield code="a">Cast-iron</subfield>
    <subfield code="x">Metallurgy</subfield>
    <subfield code="v">Congresses.</subfield>
    <subfield code="9">30024</subfield>
  </datafield>
  <datafield tag="653" ind1=" " ind2=" ">
    <subfield code="b">Gen</subfield>
    <subfield code="c">June2012</subfield>
  </datafield>
  <datafield tag="700" ind1="1" ind2=" ">
    <subfield code="a">Nofal, Adel.</subfield>
    <subfield code="9">30025</subfield>
  </datafield>
  <datafield tag="700" ind1="1" ind2=" ">
    <subfield code="a">Waly, Mohamed.</subfield>
    <subfield code="9">30026</subfield>
  </datafield>
  <datafield tag="942" ind1=" " ind2=" ">
    <subfield code="2">ddc</subfield>
    <subfield code="c">BB</subfield>
  </datafield>
  <datafield tag="999" ind1=" " ind2=" ">
    <subfield code="c">16750</subfield>
    <subfield code="d">16750</subfield>
  </datafield>
  <datafield tag="952" ind1=" " ind2=" ">
    <subfield code="0">0</subfield>
    <subfield code="1">0</subfield>
    <subfield code="2">ddc</subfield>
    <subfield code="4">0</subfield>
    <subfield code="7">0</subfield>
    <subfield code="8">Donation-G</subfield>
    <subfield code="a">MAIN</subfield>
    <subfield code="b">MAIN</subfield>
    <subfield code="c">1ST</subfield>
    <subfield code="d">2012-06-06</subfield>
    <subfield code="e">Donation</subfield>
    <subfield code="l">1</subfield>
    <subfield code="m">19</subfield>
    <subfield code="o">622.183 SCI</subfield>
    <subfield code="p">000026792</subfield>
    <subfield code="r">2025-07-15 00:00:00</subfield>
    <subfield code="s">2017-10-12</subfield>
    <subfield code="y">BB</subfield>
  </datafield>
</record>
